| 000 | 00757nam a2200253 a 4500 | ||
|---|---|---|---|
| 001 | 58716 | ||
| 003 | BD-RjUL | ||
| 005 | 20211209080642.0 | ||
| 008 | 161219s1965 enk b 000 0 eng | ||
| 035 | _a(BD-RjUL)58840 | ||
| 040 |
_aDLC _cODaWU _dOCoLC _dBD-RjUL _beng |
||
| 041 | _aeng | ||
| 082 |
_223 _a335.40944 _bBEB 1965 |
||
| 100 | 1 |
_aBernstein, Samuel, _d1898- _9174527 |
|
| 245 | 1 | 4 |
_aThe beginnings of Marxian socialism in France / _cSamuel, Bernstein, |
| 260 |
_aNew York : _bRussell & Russell, _c1965. |
||
| 300 |
_a229 p. ; _c24 cm. |
||
| 500 | _ainclude index | ||
| 650 | 0 |
_aSocialism _zFrance. _9174528 |
|
| 650 | 0 |
_aWorking class _zFrance. _9174529 |
|
| 740 | 0 | _aMarxian socialism in France. | |
| 942 |
_2ddc _cBK |
||
| 999 |
_c58716 _d58716 |
||